000 00644nam a2200205 4500
005 20241023121746.0
010 _aENG-142335
020 _c495.00
_a9788196041304
035 _aEN-125867
037 _bDBAD
082 _a796.342
100 _aMukherjea, Jaidip
_973219
245 _aCrosscourt/
_bJaidip Mukherjea and Papri Sen Sri Raman
250 _aFirst
260 _bVitasta Publishing Pvt Ltd
_c2023
_aNew Delhi
270 _a2/15, Ansari Road, Daryaganj
_bNew Delhi
_e110002
_minfo@vitastapublishing.com
300 _aXV,195p.
_c23cm(hb)
700 _aPapri Sen Sri Raman
_973220
942 _2ddc
_cEN
_h796.342
_mMUK
999 _c206611
_d206611